Hofesh Shechter, enfant de la danse (notice n° 1870002)

détails MARC
000 -LEADER
fixed length control field 01286cam a2200157 4500500
005 - DATE AND TIME OF LATEST TRANSACTION
control field 20260329012327.0
041 ## - LANGUAGE CODE
Language code of text/sound track or separate title fre
042 ## - AUTHENTICATION CODE
Authentication code dc
100 10 - MAIN ENTRY--PERSONAL NAME
Personal name Sibony, Judith
Relator term author
245 00 - TITLE STATEMENT
Title Hofesh Shechter, enfant de la danse
260 ## - PUBLICATION, DISTRIBUTION, ETC.
Date of publication, distribution, etc. 2024.<br/>
500 ## - GENERAL NOTE
General note 39
520 ## - SUMMARY, ETC.
Summary, etc. Auteur de nombreux essais qui vont à contresens de l’islamisme, notamment L’Islam sans soumission. Pour un existentialisme musulman () en 2008, Abdennour Bidar plaide pour un islam qui soit compatible avec l’esprit des Lumières et la laïcité. Récuser tous les enfermements idéologiques : tel pourrait être le credo de cet intellectuel passionné par le soufisme, la tradition ésotérique de l’islam. Agrégé de philosophie, membre du Comité consultatif national d’éthique et du Conseil des sages de la laïcité, Abdennour Bidar a publié en 2015 un Plaidoyer pour la fraternité () qui appelle à la rencontre et à la réconciliation des différentes traditions spirituelles de l’humanité. Entretien avec un penseur universaliste qui combat les assignations identitaires.
786 0# - DATA SOURCE ENTRY
Note Revue des deux Mondes | Septembre | 6 | 2024-09-01 | p. 98-101 | 2266-4734
856 41 - ELECTRONIC LOCATION AND ACCESS
Uniform Resource Identifier <a href="https://shs.cairn.info/revue-revue-des-deux-mondes-2024-6-page-98?lang=fr&redirect-ssocas=7080">https://shs.cairn.info/revue-revue-des-deux-mondes-2024-6-page-98?lang=fr&redirect-ssocas=7080</a>

Pas d'exemplaire disponible.

PLUDOC

PLUDOC est la plateforme unique et centralisée de gestion des bibliothèques physiques et numériques de Guinée administré par le CEDUST. Elle est la plus grande base de données de ressources documentaires pour les Étudiants, Enseignants chercheurs et Chercheurs de Guinée.

Adresse

627 919 101/664 919 101

25 boulevard du commerce
Kaloum, Conakry, Guinée

Réseaux sociaux

Powered by Netsen Group @ 2025